Caravaggio /

Guardat en:
Dades bibliogràfiques
Altres autors: Jarman, Derek, Swinton, Tilda, Terry, Nigel, Leigh, Spencer, Bean, Sean
Format: Diapositiva
Idioma:italià
Publicat: Milano : PolyGram video, 1993
Etiquetes: Afegir etiqueta
Sense etiquetes, Sigues el primer a etiquetar aquest registre!

MARC

LEADER 00000ngm a22000007i 4500
001 IT\ICCU\RAV\0289926
003 ItRI
005 20260124182817.0
008 970315s1993 it |||||||||||||||k|||||c
028 4 2 |a 170 963-3 
040 |b ita 
041 7 |a ita  |2 ISO-639-2 
130 0 |a Caravaggio <film ; 1986>  |3 IT\ICCU\RAV\1204521 
245 0 0 |a Caravaggio /  |c regia di Derek Jarman ; sceneggiatura di Derek Jarman. 
246 1 3 |a Caravaggio <videoregistrazione>  |9 IT\ICCU\MOD\0942108 
260 |a Milano :  |b PolyGram video,  |c 1993 
300 |a 1 videocassetta (VHS) (ca. 97 min.) :  |b col. (PAL), son 
500 |a Tit. del contenitore 
500 |a Interpreti: Nigel Terry, Sean Bean, Spencer Leigh, Tilda Swinton 
500 |a Ripr. del film del 1986, prod. Gran Bretagna 
500 |a Doppiato in italiano. 
700 1 |a Jarman, Derek  |0 IT\ICCU\LO1V\087465 
700 1 |a Swinton, Tilda  |0 IT\ICCU\RAVV\091106 
700 1 |a Terry, Nigel  |0 IT\ICCU\RAVV\094505 
700 1 |a Leigh, Spencer  |0 IT\ICCU\RAVV\381875 
700 1 |a Bean, Sean  |0 IT\ICCU\UBOV\490130 
942 |2 ddc  |c VM  |n 0 
952 |0 0  |1 0  |4 0  |6 VO_1137_000000000000000  |7 0  |9 26702  |a BO  |b BO  |d 2026-01-24  |i 9278  |l 0  |o VO 1137  |p BO9278  |r 2026-01-24 18:28:17  |w 2026-01-24  |x [Sebina 5] [1 videocassetta]  |y VM  |z 1 videocassetta 
999 |c 22587  |d 22587